000 00511nam a22001937a 4500
003 MPLRDC
005 20220104190400.0
008 210129b ||||| |||| 00| 0 eng d
020 _a978-986-179-208-8
082 _a947.415 GMZZ-13
100 _a高木直子 图文
245 _a一个人去跑步
_c洪俞君 译
250 _a初版
260 _a台湾
_b大田出版有限公司
_c2011
300 _b
490 _aTITAN 077
650 _a漫画--多格 多单元
942 _cBK
_o947.415 GMZZ-13
999 _c63757
_d63747